Secretariat of the convention on Biological Diversity (2001)Series No.10. : Interlinkages between biological diversity and climate change.

Bibliographic Details
Corporate Author: Secretariat of the convention on Biological Diversity
Format: Book
Published: Montreal, Canada : Secretariat of the convention on Biological Diversity , 2001
Series:CBD Technical Series No.10
Subjects:

MARC

LEADER 00000cam a2200000 7i4500
001 0000003448
005 20060322.0
020 0 0 |a 9280723898 
090 0 0 |a 333.95   |b SCBD 
245 1 0 |a Secretariat of the convention on Biological Diversity (2001)Series No.10. :   |b Interlinkages between biological diversity and climate change. 
260 0 0 |a Montreal, Canada :   |b Secretariat of the convention on Biological Diversity ,   |c 2001 
300 |a vi, 143 p. ;   |c 28 cm. 
440 0 0 |a CBD Technical Series No.10 
650 0 0 |a Biological 
650 0 0 |a Diversity 
650 0 0 |a Forest and forestry 
710 2 1 |a Secretariat of the convention on Biological Diversity 
999 |a 0000006360   |b Monograph   |c Open Shelf   |e Default branch